书目信息 |
| 题名: |
中国共产主义青年团章程
|
|
| 作者: | ||
| 分册: | ||
| 出版信息: | 北京 中国青年出版社 1978 |
|
| 页数: | 14页 | |
| 开本: | 19cm | |
| 丛书名: | ||
| 单 册: | ||
| 中图分类: | D432.2 | |
| 科图分类: | ||
| 主题词: | 团章-中国共产主义青年团 , 青年运动 , 青年组织 , 学生运动 , 学生组织 | |
| 电子资源: | ||
| ISBN: | ||
| 000 | 00789nam0 2200289 45 | |
| 001 | 0178003803 | |
| 005 | 20060704145355.23 | |
| 010 | @dCNY0.03 | |
| 091 | @a3009.207 | |
| 100 | @a19950714d1978 demy0chiy0121 ea | |
| 101 | 0 | @achi |
| 102 | @aCN@b110000 | |
| 105 | @ay z 000yy | |
| 200 | 10 | @a中国共产主义青年团章程@Azhong guo gong chan zhu yi qing nian tuan zhang cheng |
| 210 | @a北京@c中国青年出版社@d1978 | |
| 215 | @a14页@d19cm | |
| 300 | @a中国共产主义青年团第十次全国代表大会通过(1978.10.26) | |
| 601 | 02 | @a中国共产主义青年团@x章程 |
| 606 | @a团章-中国共产主义青年团 | |
| 606 | 0 | @a青年运动 |
| 606 | 0 | @a青年组织 |
| 606 | 0 | @a学生运动 |
| 606 | 0 | @a学生组织 |
| 610 | 0 | @a共青团 |
| 690 | @aD432.2@v3 | |
| 801 | 0 | @aCN@bTSSF@c20060704 |
| 905 | @a10447@dD432.2@e5 | |
| 中国共产主义青年团章程.-北京:中国青年出版社,1978 |
| 14页;19cm |
| 中国共产主义青年团第十次全国代表大会通过(1978.10.26) |
| ISBN :CNY0.03 |
| ● |
| 相关链接 |
|
|
|
|
正题名:中国共产主义青年团章程
索取号:D432.2/5
 
预约/预借
| 序号 | 登录号 | 条形码 | 馆藏地/架位号 | 状态 | 备注 |
| 1 | 0010527 | 202371833 | 密集书库/ [索取号:D432.2/5] | 在馆 |